| 000 | 01223nam a2200313 a 4500 | ||
|---|---|---|---|
| 003 | CHAP | ||
| 005 | 20230324184509.0 | ||
| 007 | ta | ||
| 008 | 230324s2010 mx abo|fr|||| 001 0 spa d | ||
| 020 | _a978-607-7533-56-6 | ||
| 040 |
_amxchpua _cCHAP _erda |
||
| 050 | 1 | 0 |
_aF1219 _b.C66 2010 |
| 082 | 0 | 0 |
_a595.752 _bC66 2010 _220 |
| 245 | 1 | 0 |
_aConocimiento y aprovechamiento de la grana cochinilla / _ceditores Liberato Portillo y Ana Lilia Vigueras |
| 250 | _a1a edición | ||
| 264 |
_aMéxico: _bUniversidad de Guadalajara : Colegio de Postgraduados, _c2010 |
||
| 300 |
_a228 páginas : _bilustraciones, mapas, tablas, fotos |
||
| 336 |
_2rdacontent _atexto _btxt |
||
| 337 |
_2rdamedia _asin medio _bn |
||
| 338 |
_2rdacarrier _avolumen _bnc |
||
| 504 | _aBibliografía: página 221 | ||
| 505 | 0 | _aPrólogo -- Agradecimientos -- Historia -- Biología -- Fisiología -- Genética -- Bioecología -- Producción -- Aplicación -- Educación | |
| 650 | 1 | 3 |
_924209 _aCochinilla del nopal |
| 650 | 1 | 3 |
_9156649 _aDactylopius coccus |
| 650 | 1 | 3 |
_9186532 _aScale insects |
| 700 | 1 |
_991001 _aPortillo Martínez, Liberato _eeditor |
|
| 700 | 1 |
_9119326 _aVigueras Guzmán, Ana Lilia _eeditora |
|
| 942 |
_2ddc _cLibro |
||
| 999 |
_c218575 _d218575 |
||